000 00473nam a22001577a 4500
003 OSt
005 20240716111522.0
007 417 pages
008 240716b |||||||| |||| 00| 0 eng d
020 _a9789391818203
040 _aAO enterprises
_c
082 _a305.8009
_bMAH
245 _aIntroduction to Indian knowledge system
_bConcepts and applications
_cMahadevan,B
260 _bPHI
_c2024
942 _2ddc
_cBK
_h305.8009
_iMAH
_k305.8009
_mMAH
_n0
999 _c36062
_d36062